00762ntm a22002777a 450000500170000000800410001702000150005804100080007308200190008110000210010010000180012124500940013926000130023326000100024626000090025630000180026549000470028365000240033065000170035465000120037165000320038365000100041565000280042565000190045365000120047220250811122017.0190322b1993 xxu||||| |||| 00| 0 spa d a9580421153 aESP a658.409.2 K92s aKriegel, Robert. aPatler, Louis aSi no está roto, rómpalo: ideas no convencionales para un mundo de negocios cambiante aColombia bNorma c1993 a358 páginas aDirección y Administración de Empresas aLIDERAZGO EJECUTIVO aMOTIVACIÓN aÉXITO aSABIDURÍA NO CONVENCIONAL aMETAS aÉXITO EN LOS NEGOCIOS aCORRER RIESGOS aERRORES